Avances de investigación en derecho y ciencias sociales : XVI Jornadas de investigadores y becarios en ciencias jurídicas y sociales /

Guardado en:
Formato: Libro
Idioma:Spanish
Publicado: Mar del Plata : Universidad Nacional de Mar del Plata, 2012
Materias:
Etiquetas: Agregar Etiqueta
Sin Etiquetas, Sea el primero en etiquetar este registro!
LEADER 00884nam a22002055a 4500
001 DER.der012372
008 180615s2012####|||||||||||||||||#||spa||
005 20260206092137.0
245 1 0 |a Avances de investigación en derecho y ciencias sociales :  |b XVI Jornadas de investigadores y becarios en ciencias jurídicas y sociales /  |c  , dirigido por Luis Pablo Slavin 
260 |a Mar del Plata :  |b Universidad Nacional de Mar del Plata,  |c 2012 
300 |a 717 p. 
500 |a Organiza: El Instituto de Investigaciones de la Facultad de Derecho de la Universidad Naciolnal de Mar del Plata "Doctor Carlos Santiago Nino" 
020 |a 9789875444539 
700 1 |a Slavin, Luis Pablo,  |e dir. 
653 |a DERECHO PÚBLICO 
653 |a DERECHOS HUMANOS 
653 |a MEDIO AMBIENTE 
653 |a POLÍTICA NACIONAL E INTERNACIONAL 
653 |a DOCENCIA 
859 |a DERECHO  |b BIB. DERECHO  |h 340  |i SLA  |p 007191